La pintura informalista
Guardat en:
| Format: | Llibre |
|---|---|
| Idioma: | espanyol |
| Publicat: |
Santiago
Orbe
1964
|
| Matèries: | |
| Etiquetes: |
Afegir etiqueta
Sense etiquetes, Sigues el primer a etiquetar aquest registre!
|
MARC
| LEADER | 00000cam a2200000 a 4500 | ||
|---|---|---|---|
| 001 | UCF8746 | ||
| 003 | CL-VaPUC | ||
| 008 | 131004e19640000cl |||||||||||||||||spa|d | ||
| 082 | 0 | 4 | |a 759.06 |b PIN |2 21 |
| 245 | 1 | 3 | |a La pintura informalista |
| 300 | |a 172 p | ||
| 942 | |c BK | ||
| 945 | |d 20131004 22:02:00 |a dcastane | ||
| 260 | |a Santiago |b Orbe |c 1964 | ||
| 650 | 0 | |a Pintura moderna |9 265600 | |
| 650 | 7 | |a HISTORIA DE LA PINTURA |2 CL-VaPUC |9 500518 | |
| 583 | |a last modification |c 20131004 22:02:00 |k Rodrigo Vera | ||
| 999 | |c 353305 |d 353303 | ||
| 952 | |0 0 |1 0 |3 erb |4 0 |6 759_060000000000000_PIN_1964 |7 0 |8 R |9 458443 |a BIBART |b BIBART |d 2019-11-23 |i 5010837 |l 5 |m 2 |o 759.06 PIN 1964 |p 5010837 |r 2025-03-13 |s 2024-10-14 |w 2019-11-23 |y BK_R |z Catalogado en:20131004 |k ART | ||